[Event "GER-chT U14 Girls"]
[Site "Neumuenster"]
[Date "2017.12.28"]
[Round "4.2"]
[White "Wastian, Mareike"]
[Black "Schneider, Katharina"]
[Result "1/2-1/2"]
[WhiteElo "1602"]
[BlackElo "1650"]
[PlyCount "88"]
[EventDate "2017.12.26"]
[EventType "team-swiss"]
[EventRounds "7"]
[EventCountry "GER"]
[SourceTitle "CBM 182 Extra"]
[Source "ChessBase"]
[SourceDate "2018.02.23"]
[SourceVersion "1"]
[SourceVersionDate "2018.02.23"]
[SourceQuality "1"]
[WhiteTeam "Brackel"]
[BlackTeam "Sasbach"]
[WhiteTeamCountry "GER"]
[BlackTeamCountry "GER"]

1. e4 e5 2. Nf3 Nc6 3. Bb5 a6 4. Bxc6 dxc6 5. Nc3 f6 6. d4 exd4 7. Qxd4 Qxd4 8. Nxd4 Bd7 9. Be3 0-0-0 10. 0-0-0 Bb4 11. Nde2 Ne7 12. a3 Bd6 13. f3 Ng6 14. Bf2 Ne5 15. Na4 Be6 16. Nc5 Bf7 17. Nd3 Bc4 18. Nxe5 Bxe5 19. Ng3 g6 20. Be3 Bxg3 21. hxg3 h5 22. Bd4 Rhf8 23. Bc3 Rxd1+ 24. Rxd1 f5 25. b3 Be6 26. exf5 Bxf5 27. Be5 Rd8 28. Rxd8+ Kxd8 29. b4 b6 30. Kd2 Kd7 31. c4 c5 32. bxc5 bxc5 33. a4 c6 34. a5 Be6 35. Kd3 Bf5+ 36. Kc3 Ke6 37. Bf4 Kd7 38. Bh6 Ke7 39. Bg5+ Kd7 40. Bf4 Ke6 41. Be3 Kd6 42. Bf4+ Ke6 43. Bc7 Kd7 44. Bb8 Ke7 1/2-1/2

[Event "GER-chT U14 Girls"]
[Site "Neumuenster"]
[Date "2017.12.27"]
[Round "1.2"]
[White "Buchholz, Maja Patricia"]
[Black "Wastian, Mareike"]
[Result "0-1"]
[WhiteElo "1266"]
[BlackElo "1602"]
[PlyCount "68"]
[EventDate "2017.12.26"]
[EventType "team-swiss"]
[EventRounds "7"]
[EventCountry "GER"]
[SourceTitle "CBM 182 Extra"]
[Source "ChessBase"]
[SourceDate "2018.02.23"]
[SourceVersion "1"]
[SourceVersionDate "2018.02.23"]
[SourceQuality "1"]
[WhiteTeam "Offenbach"]
[BlackTeam "Brackel"]
[WhiteTeamCountry "GER"]
[BlackTeamCountry "GER"]

1. d4 d5 2. c4 e6 3. Nc3 c5 4. cxd5 exd5 5. Nf3 Nc6 6. dxc5 d4 7. Na4 Bxc5 8. Bd2 Be7 9. Rc1 Nf6 10. e3 0-0 11. Bd3 Bg4 12. 0-0 Ne5 13. exd4 Nxd3 14. Rc3 Nb4 15. Re3 Nbd5 16. Rb3 b6 17. Re1 Rc8 18. Nc3 Qc7 19. Re5 Qc6 20. Bg5 Be6 21. Qd2 Bd6 22. Nxd5 Nxd5 23. Re4 h6 24. g3 hxg5 25. Re1 Bb4 26. Qxg5 Bxe1 27. Ne5 Qc1 28. Qh5 Nf6 29. Qh4 Bxb3 30. axb3 Bxf2+ 31. Kg2 Rc2 32. Nf3 Bxd4+ 33. Nd2 Qxd2+ 34. Kf3 Qf2# 0-1

[Event "Eschborn op"]
[Site "Eschborn"]
[Date "2017.10.14"]
[Round "3"]
[White "Stock, Juergen"]
[Black "Wastian, Mareike"]
[Result "1-0"]
[WhiteElo "1857"]
[BlackElo "1707"]
[PlyCount "35"]
[EventDate "2017.10.13"]
[EventType "swiss"]
[EventRounds "5"]
[EventCountry "GER"]
[SourceTitle "EXT 2019"]
[Source "ChessBase"]
[SourceDate "2018.10.10"]
[SourceVersion "1"]
[SourceVersionDate "2018.10.10"]
[SourceQuality "1"]

1. d4 d5 2. Bg5 Nf6 3. Nd2 c5 4. e3 Nc6 5. c3 Qb6 6. b3 Bg4 7. Be2 Bf5 8. Ngf3 Ne4 9. 0-0 Nxc3 10. dxc5 Nxd1 11. cxb6 Nc3 12. Rfe1 e6 13. bxa7 Ba3 14. e4 Bxe4 15. Nxe4 dxe4 16. Nd2 Bb2 17. Nc4 0-0 18. Nxb2 1-0

[Event "GER-ch U25-A"]
[Site "Willingen"]
[Date "2017.06.08"]
[Round "7"]
[White "Wastian, Mareike"]
[Black "Unbehend, Marius"]
[Result "1/2-1/2"]
[WhiteElo "1586"]
[BlackElo "1391"]
[PlyCount "94"]
[EventDate "2017.06.04"]
[EventType "swiss"]
[EventRounds "9"]
[EventCountry "GER"]
[SourceTitle "CBM 178 Extra"]
[Source "ChessBase"]
[SourceDate "2017.06.22"]
[SourceVersion "1"]
[SourceVersionDate "2017.06.22"]
[SourceQuality "1"]

1. e4 e6 2. d4 d5 3. Nd2 Nf6 4. e5 Nfd7 5. Bd3 c5 6. c3 Nc6 7. Ne2 cxd4 8. cxd4 f6 9. exf6 Nxf6 10. Nf3 Bd6 11. 0-0 0-0 12. Re1 Qc7 13. h3 a6 14. Be3 g6 15. Rc1 Nh5 16. Nc3 Nf4 17. Bb1 Qf7 18. Nh2 Qc7 19. Nf3 Qf7 20. Nd2 Qf6 21. Nb3 Qg5 22. Qg4 Qxg4 23. hxg4 Nb4 24. Rcd1 Be7 25. a3 Nc6 26. Bxf4 Rxf4 27. f3 b6 28. Ne2 Rf7 29. Nc3 Rf4 30. Kh2 Bd6 31. Kh3 g5 32. Rd3 Rf6 33. g3 Bd7 34. Kg2 Raf8 35. Rh1 h6 36. Bc2 Kg7 37. Bd1 Na7 38. Nc1 Bb5 39. Rd2 Bc6 40. Rf2 Nb5 41. Nxb5 Bxb5 42. Na2 Rc8 43. Nc3 Bd7 44. Rc2 b5 45. b4 Rc7 46. Be2 Rf8 47. Rhc1 Rfc8 1/2-1/2

[Event "Pfalz op-B 8th"]
[Site "Neustadt an der Weinstrasse"]
[Date "2017.02.24"]
[Round "1"]
[White "Vega Lopez de Nava, Cesar Octavio"]
[Black "Wastian, Mareike"]
[Result "1-0"]
[WhiteElo "1904"]
[BlackElo "1725"]
[PlyCount "71"]
[EventDate "2017.02.24"]
[EventType "swiss"]
[EventRounds "7"]
[EventCountry "GER"]
[SourceTitle "CBM 177 Extra"]
[Source "ChessBase"]
[SourceDate "2017.04.27"]
[SourceVersion "1"]
[SourceVersionDate "2017.04.27"]
[SourceQuality "1"]

1. e4 d5 2. exd5 Nf6 3. d4 Bg4 4. f3 Bf5 5. Bb5+ Nbd7 6. c4 a6 7. Bxd7+ Qxd7 8. Ne2 e6 9. dxe6 fxe6 10. 0-0 Bd6 11. Nbc3 0-0-0 12. Be3 Rhg8 13. Qc1 g5 14. c5 Bf8 15. Ng3 g4 16. Nge4 gxf3 17. Nxf6 Rxg2+ 18. Kh1 Qg7 19. Rxf3 Be7 20. Nh5 Qg4 21. Rg3 Rxg3 22. Nxg3 Qf3+ 23. Kg1 Bh3 24. Qd2 Rf8 25. Qe2 Qc6 26. Nce4 Bh4 27. b4 Rg8 28. Bf2 h5 29. a4 Rg4 30. b5 Qd5 31. Re1 Bxg3 32. hxg3 h4 33. Kh2 hxg3+ 34. Bxg3 a5 35. Kxh3 Qh5+ 36. Kg2 1-0

[Event "Bad Zwesten op 17th"]
[Site "Bad Zwesten"]
[Date "2017.01.06"]
[Round "7"]
[White "Wastian, Mareike"]
[Black "Schwarz, Matthias"]
[Result "1/2-1/2"]
[WhiteElo "1770"]
[BlackElo "1814"]
[PlyCount "44"]
[EventDate "2017.01.02"]
[EventType "swiss"]
[EventRounds "7"]
[EventCountry "GER"]
[SourceTitle "CBM 176 Extra"]
[Source "ChessBase"]
[SourceDate "2017.03.02"]
[SourceVersion "1"]
[SourceVersionDate "2017.03.02"]
[SourceQuality "1"]

1. e4 e6 2. Nf3 g6 3. Nc3 Bg7 4. d4 d5 5. e5 f5 6. Bg5 Qd7 7. Qd2 h6 8. Be3 g5 9. g3 b6 10. h4 g4 11. Ng1 h5 12. Nce2 Ba6 13. Nf4 Bxf1 14. Kxf1 Ne7 15. Nge2 Na6 16. c3 c6 17. Kg2 Nc7 18. Rhc1 b5 19. Re1 Kf7 20. Nc1 Ng6 21. Ncd3 Nxf4+ 22. Bxf4 Bf8 1/2-1/2

[Event "Bad Zwesten op 17th"]
[Site "Bad Zwesten"]
[Date "2017.01.05"]
[Round "5"]
[White "Schmehl, Torsten"]
[Black "Wastian, Mareike"]
[Result "1/2-1/2"]
[WhiteElo "1719"]
[BlackElo "1770"]
[PlyCount "37"]
[EventDate "2017.01.02"]
[EventType "swiss"]
[EventRounds "7"]
[EventCountry "GER"]
[SourceTitle "CBM 176 Extra"]
[Source "ChessBase"]
[SourceDate "2017.03.02"]
[SourceVersion "1"]
[SourceVersionDate "2017.03.02"]
[SourceQuality "1"]

1. d4 d5 2. c4 e6 3. Nc3 c5 4. e3 Nf6 5. a3 a6 6. Nf3 dxc4 7. Bxc4 b5 8. Be2 Bb7 9. 0-0 Be7 10. dxc5 Qxd1 11. Rxd1 Bxc5 12. b4 Bb6 13. Bb2 0-0 14. h3 Nbd7 15. Rac1 Rfd8 16. Nb1 h6 17. Ne5 Nxe5 18. Bxe5 Rac8 19. Nc3 1/2-1/2

[Event "Eschborn op"]
[Site "Eschborn"]
[Date "2016.09.03"]
[Round "3"]
[White "Stegner, Marco"]
[Black "Wastian, Mareike"]
[Result "1-0"]
[WhiteElo "1745"]
[BlackElo "1584"]
[PlyCount "75"]
[EventDate "2016.09.02"]
[EventType "swiss"]
[EventRounds "5"]
[EventCountry "GER"]
[SourceTitle "EXT 2018"]
[Source "ChessBase"]
[SourceDate "2017.10.13"]
[SourceVersion "1"]
[SourceVersionDate "2017.10.13"]
[SourceQuality "1"]

1. d4 d5 2. Bf4 Nf6 3. e3 c5 4. c3 e6 5. Nf3 Nc6 6. Nbd2 Qb6 7. Qb3 Nd7 8. Bd3 c4 9. Qxb6 Nxb6 10. Bc2 Be7 11. 0-0 0-0 12. e4 Re8 13. Rfe1 Bd7 14. Re3 dxe4 15. Bxe4 Nd5 16. Bxd5 exd5 17. Rae1 Bf6 18. Ne5 Nxe5 19. Bxe5 Bg5 20. f4 Be7 21. Bxg7 Bd6 22. Be5 Bxe5 23. fxe5 Bf5 24. Rf1 Bg6 25. Nf3 Bd3 26. Rf2 Re7 27. Nh4 Rf8 28. Rf6 Re6 29. Ref3 Rxf6 30. Rxf6 Rd8 31. Nf5 Bxf5 32. Rxf5 Kg7 33. Rf6 Rd7 34. Kf2 a6 35. Kf3 Kf8 36. Kf4 Kg7 37. Kf5 Kf8 38. e6 1-0

[Event "GER-ch U14 Girls"]
[Site "Willingen"]
[Date "2016.05.20"]
[Round "8"]
[White "Kung, Fanny"]
[Black "Wastian, Mareike"]
[Result "0-1"]
[WhiteElo "1571"]
[BlackElo "1610"]
[PlyCount "68"]
[EventDate "2016.05.15"]
[EventType "swiss"]
[EventRounds "9"]
[EventCountry "GER"]
[SourceTitle "CBM 172 Extra"]
[Source "ChessBase"]
[SourceDate "2016.06.21"]
[SourceVersion "1"]
[SourceVersionDate "2016.06.21"]
[SourceQuality "1"]

1. e4 d5 2. exd5 Nf6 3. d4 Bg4 4. Be2 Bxe2 5. Qxe2 Qxd5 6. Nf3 e6 7. 0-0 Be7 8. c4 Qd7 9. Re1 Nc6 10. Be3 0-0 11. Nc3 Ng4 12. Rad1 Nxe3 13. Qxe3 Bf6 14. Ne5 Bxe5 15. dxe5 Qe7 16. Rd2 Rfd8 17. Red1 Rxd2 18. Rxd2 Rd8 19. f4 h6 20. g3 a6 21. Ne4 b6 22. Rxd8+ Qxd8 23. Qd2 Nd4 24. Kf2 c5 25. a3 Qa8 26. Qd3 a5 27. h4 Kf8 28. Nd6 Qh1 29. Qf1 Qf3+ 30. Ke1 Qxg3+ 31. Qf2 Qd3 32. Qg2 Qe3+ 33. Kd1 Qd3+ 34. Kc1 Nb3# 0-1

[Event "GER-ch U14 Girls"]
[Site "Willingen"]
[Date "2016.05.19"]
[Round "7"]
[White "Wastian, Mareike"]
[Black "Abele, Anais"]
[Result "1/2-1/2"]
[WhiteElo "1610"]
[BlackElo "1508"]
[PlyCount "47"]
[EventDate "2016.05.15"]
[EventType "swiss"]
[EventRounds "9"]
[EventCountry "GER"]
[SourceTitle "CBM 172 Extra"]
[Source "ChessBase"]
[SourceDate "2016.06.21"]
[SourceVersion "1"]
[SourceVersionDate "2016.06.21"]
[SourceQuality "1"]

1. e4 c5 2. d4 cxd4 3. c3 dxc3 4. Nxc3 Nc6 5. Nf3 d6 6. Bc4 a6 7. 0-0 Nf6 8. e5 dxe5 9. Qxd8+ Nxd8 10. Nxe5 e6 11. Rd1 Be7 12. Bf4 0-0 13. Rac1 Nh5 14. Be3 Bf6 15. Nd7 Bxd7 16. Rxd7 Bxc3 17. Rxc3 Nf6 18. Rd1 Nc6 19. Rc2 Rad8 20. Rcd2 Rxd2 21. Rxd2 Ne5 22. Bb3 h6 23. Rd6 Nc6 24. Bb6 1/2-1/2

[Event "Dortmund Sparkassen op-B"]
[Site "Dortmund"]
[Date "2015.06.28"]
[Round "2"]
[White "Wastian, Mareike"]
[Black "Biermann, Lenhard"]
[Result "0-1"]
[WhiteElo "1469"]
[BlackElo "1661"]
[PlyCount "70"]
[EventDate "2015.06.27"]
[EventType "swiss"]
[EventRounds "9"]
[EventCountry "GER"]
[SourceTitle "CBM 167 Extra"]
[Source "ChessBase"]
[SourceDate "2015.09.14"]
[SourceVersion "1"]
[SourceVersionDate "2015.09.14"]
[SourceQuality "1"]

1. e4 e6 2. Nf3 d5 3. Nc3 Nf6 4. e5 Nfd7 5. d4 c5 6. Bg5 Qb6 7. dxc5 Bxc5 8. Qd2 a6 9. 0-0-0 Nc6 10. Na4 Qc7 11. Nxc5 Nxc5 12. Qe3 Nd7 13. Bf4 b5 14. Be2 Bb7 15. Rhe1 Rc8 16. Kb1 Nb6 17. Qc3 Na4 18. Qe3 Qa5 19. Qd2 b4 20. Qc1 Nc3+ 21. bxc3 bxc3 22. Bd3 Rb8 23. Nd2 cxd2 24. Bxd2 Ba8+ 25. Ka1 Nb4 26. Bxb4 Rxb4 27. c3 Ra4 28. Qc2 h6 29. Rb1 0-0 30. Rb3 d4 31. Reb1 dxc3 32. Rxc3 Rxa2+ 33. Qxa2 Qxc3+ 34. Rb2 Qxd3 35. Rb6 Qd1+ 0-1

[Event "GER-ch U12"]
[Site "Willingen"]
[Date "2015.05.29"]
[Round "10"]
[White "Wastian, Mareike"]
[Black "Buller, Ian Joshua"]
[Result "1/2-1/2"]
[WhiteElo "1433"]
[BlackElo "1491"]
[PlyCount "45"]
[EventDate "2015.05.24"]
[EventType "swiss"]
[EventRounds "11"]
[EventCountry "GER"]
[SourceTitle "CBM 166 Extra"]
[Source "ChessBase"]
[SourceDate "2015.06.18"]
[SourceVersion "1"]
[SourceVersionDate "2015.06.18"]
[SourceQuality "1"]

1. e4 c5 2. Nf3 d6 3. d4 cxd4 4. c3 Nf6 5. e5 Ng4 6. Nxd4 Nxe5 7. Bb5+ Bd7 8. 0-0 e6 9. Re1 Be7 10. f4 Ng6 11. Qf3 Qb6 12. Bxd7+ Nxd7 13. Qe2 0-0 14. Be3 Qd8 15. f5 exf5 16. Nxf5 Nde5 17. Nd2 Qd7 18. Nxe7+ Qxe7 19. Rad1 b6 20. Ne4 Rad8 21. b3 Rd7 22. Rf1 f6 23. Rd5 1/2-1/2

[Event "GER-ch U12"]
[Site "Willingen"]
[Date "2015.05.27"]
[Round "6"]
[White "Wastian, Mareike"]
[Black "Henning, Marvin"]
[Result "1/2-1/2"]
[WhiteElo "1433"]
[BlackElo "1699"]
[PlyCount "61"]
[EventDate "2015.05.24"]
[EventType "swiss"]
[EventRounds "11"]
[EventCountry "GER"]
[SourceTitle "CBM 166 Extra"]
[Source "ChessBase"]
[SourceDate "2015.06.18"]
[SourceVersion "1"]
[SourceVersionDate "2015.06.18"]
[SourceQuality "1"]

1. e4 c5 2. Nf3 Nc6 3. d4 cxd4 4. c3 dxc3 5. Nxc3 g6 6. Bc4 Bg7 7. e5 Qa5 8. 0-0 Nxe5 9. Nxe5 Qxe5 10. Re1 Qc5 11. Qb3 e6 12. Be3 Qc7 13. Nd5 Qd8 14. Rad1 Nf6 15. Nxf6+ Bxf6 16. Bh6 Qe7 17. Kh1 g5 18. Bd5 Rg8 19. f4 g4 20. Bxb7 Rb8 21. Qc2 Bxb7 22. f5 e5 23. Qc7 Bxg2+ 24. Kxg2 Rxb2+ 25. Kg1 Rb5 26. Rd6 Qd8 27. Qxa7 Be7 28. Qa6 Qb8 29. Rdd1 Rb6 30. Qc4 Rc6 31. Qd5 1/2-1/2

[Event "GER-ch U12"]
[Site "Willingen"]
[Date "2015.05.26"]
[Round "5"]
[White "Rudolph, Eva"]
[Black "Wastian, Mareike"]
[Result "1/2-1/2"]
[WhiteElo "1600"]
[BlackElo "1433"]
[PlyCount "95"]
[EventDate "2015.05.24"]
[EventType "swiss"]
[EventRounds "11"]
[EventCountry "GER"]
[SourceTitle "CBM 166 Extra"]
[Source "ChessBase"]
[SourceDate "2015.06.18"]
[SourceVersion "1"]
[SourceVersionDate "2015.06.18"]
[SourceQuality "1"]

1. e4 d5 2. exd5 Nf6 3. c4 c6 4. Nc3 cxd5 5. cxd5 Nxd5 6. Nf3 Bg4 7. Qa4+ Bd7 8. Qb3 Nb6 9. d4 e6 10. Be2 Be7 11. 0-0 0-0 12. Re1 Nc6 13. Bf4 Nb4 14. Ne5 Rc8 15. Rad1 Bc6 16. a3 N4d5 17. Nxc6 Rxc6 18. Nxd5 Qxd5 19. Qg3 Qf5 20. Bd3 Qf6 21. Be5 Qg5 22. Qf3 Rd8 23. h3 h6 24. Qe4 g6 25. Qf3 Nd5 26. Re4 h5 27. h4 Qh6 28. Qg3 Nf6 29. Ree1 Ng4 30. Be4 Rc4 31. Bxb7 Rc2 32. Bf4 Qg7 33. f3 Nf6 34. b4 Nd5 35. Bxd5 Rxd5 36. Be5 Bf6 37. Kf1 Ra2 38. Bxf6 Qxf6 39. Qb8+ Kg7 40. Qxa7 Qxh4 41. Re2 Qh1+ 42. Kf2 Rxe2+ 43. Kxe2 Qxg2+ 44. Ke3 Qg5+ 45. Ke2 h4 46. Qc7 Qg2+ 47. Ke3 h3 48. Rd2 1/2-1/2

[Event "GER-ch U12"]
[Site "Willingen"]
[Date "2015.05.25"]
[Round "3"]
[White "Gheng, Dominik"]
[Black "Wastian, Mareike"]
[Result "0-1"]
[WhiteElo "1690"]
[BlackElo "1433"]
[PlyCount "84"]
[EventDate "2015.05.24"]
[EventType "swiss"]
[EventRounds "11"]
[EventCountry "GER"]
[SourceTitle "CBM 166 Extra"]
[Source "ChessBase"]
[SourceDate "2015.06.18"]
[SourceVersion "1"]
[SourceVersionDate "2015.06.18"]
[SourceQuality "1"]

1. e4 d5 2. exd5 Nf6 3. c4 c6 4. d4 cxd5 5. Nc3 Be6 6. b3 g6 7. Nf3 Bg7 8. Ng5 0-0 9. Nxe6 fxe6 10. Be2 Nc6 11. c5 e5 12. dxe5 Nxe5 13. Bb2 Qa5 14. Rc1 Qxc5 15. Nb5 Qb4+ 16. Bc3 Qe4 17. Nd4 Qxg2 18. Rf1 Ne4 19. f3 Bh6 20. fxe4 Rxf1+ 21. Bxf1 Qxe4+ 22. Ne2 Bxc1 23. Bxe5 Be3 24. Bb2 Qf3 25. Qd3 Qf2+ 26. Kd1 Qxf1+ 27. Kc2 Rc8+ 28. Nc3 Qxd3+ 29. Kxd3 d4 30. Nd5 Bg5 31. Bxd4 Rd8 32. Ke4 e6 33. Nc7 Kf7 34. a4 a6 35. b4 Rc8 36. Be5 Bd8 37. Nxa6 bxa6 38. Kd4 Bf6 39. Bxf6 Kxf6 40. b5 axb5 41. axb5 e5+ 42. Ke4 Rb8 0-1

[Event "GER-ch U12"]
[Site "Willingen"]
[Date "2015.05.24"]
[Round "2"]
[White "Wastian, Mareike"]
[Black "Zha, Kevin"]
[Result "1-0"]
[WhiteElo "1433"]
[BlackElo "1154"]
[PlyCount "103"]
[EventDate "2015.05.24"]
[EventType "swiss"]
[EventRounds "11"]
[EventCountry "GER"]
[SourceTitle "CBM 166 Extra"]
[Source "ChessBase"]
[SourceDate "2015.06.18"]
[SourceVersion "1"]
[SourceVersionDate "2015.06.18"]
[SourceQuality "1"]

1. e4 e5 2. Nf3 Nc6 3. Bb5 a6 4. Bxc6 dxc6 5. Nc3 Bd6 6. d4 Bg4 7. dxe5 Bxe5 8. Qxd8+ Rxd8 9. h3 Bxf3 10. gxf3 Bxc3+ 11. bxc3 Nf6 12. Rg1 0-0 13. Bg5 Rd6 14. Kf1 h6 15. Bxh6 Nh5 16. Be3 b6 17. Rg5 Nf6 18. e5 Nh7 19. exd6 Nxg5 20. Bxg5 cxd6 21. Be7 Rc8 22. Bxd6 b5 23. Bc5 Rd8 24. Ke2 Kh7 25. Rd1 Rxd1 26. Kxd1 f5 27. Ke2 f4 28. Bd6 g5 29. h4 Kg6 30. hxg5 Kxg5 31. Kd3 Kf5 32. Kd4 Ke6 33. Bxf4 a5 34. Bc7 a4 35. f4 Kd7 36. Ba5 Ke6 37. Kc5 Kd7 38. Bb6 a3 39. Ba5 Ke6 40. Kxc6 Kf5 41. Kxb5 Kxf4 42. c4 Ke5 43. c5 Ke6 44. c6 Kd6 45. f4 Ke7 46. f5 Ke8 47. f6 Kf7 48. c7 Ke6 49. c8Q+ Kf7 50. Qf5 Kf8 51. f7 Ke7 52. f8Q# 1-0